<?xml version="1.0" encoding="UTF-8"?>
<record
    xmlns:xsi="http://www.w3.org/2001/XMLSchema-instance"
    xsi:schemaLocation="http://www.loc.gov/MARC21/slim http://www.loc.gov/standards/marcxml/schema/MARC21slim.xsd"
    xmlns="http://www.loc.gov/MARC21/slim">

  <leader>01039nam a22003137a 4500</leader>
  <controlfield tag="001">5528</controlfield>
  <controlfield tag="003">FISKH</controlfield>
  <controlfield tag="005">20250819110356.0</controlfield>
  <controlfield tag="008">241216b        cb ||||| |||| 00| 0 eng d</controlfield>
  <datafield tag="020" ind1=" " ind2=" ">
    <subfield code="a">0590621807</subfield>
  </datafield>
  <datafield tag="040" ind1=" " ind2=" ">
    <subfield code="a">FISKH</subfield>
    <subfield code="b">eng</subfield>
    <subfield code="c">FISKH</subfield>
    <subfield code="d">FISKH</subfield>
  </datafield>
  <datafield tag="050" ind1=" " ind2=" ">
    <subfield code="a">Q141.R45</subfield>
  </datafield>
  <datafield tag="082" ind1=" " ind2=" ">
    <subfield code="a">509.22</subfield>
  </datafield>
  <datafield tag="100" ind1=" " ind2=" ">
    <subfield code="a">Reid, Struan</subfield>
  </datafield>
  <datafield tag="245" ind1=" " ind2=" ">
    <subfield code="a">Scientist : </subfield>
    <subfield code="b">from Achimedes to Einstein /</subfield>
    <subfield code="c">by Struan Reid and  Patricia Fara</subfield>
  </datafield>
  <datafield tag="250" ind1=" " ind2=" ">
    <subfield code="a">First Scholastic printing, January 1996</subfield>
  </datafield>
  <datafield tag="260" ind1=" " ind2=" ">
    <subfield code="a">New York : </subfield>
    <subfield code="b">Scholastic ;</subfield>
    <subfield code="c">1992.</subfield>
  </datafield>
  <datafield tag="300" ind1=" " ind2=" ">
    <subfield code="a">47 pages : </subfield>
    <subfield code="b">color illustrations ;</subfield>
    <subfield code="c">26 cm .</subfield>
  </datafield>
  <datafield tag="490" ind1=" " ind2=" ">
    <subfield code="a">The usborne book of ...</subfield>
  </datafield>
  <datafield tag="505" ind1=" " ind2=" ">
    <subfield code="a">Z 
</subfield>
  </datafield>
  <datafield tag="520" ind1=" " ind2=" ">
    <subfield code="a">Tells the story of remarkable scientists--famous as well as lesser-known figures--whose research and discoveries have changed the world.</subfield>
  </datafield>
  <datafield tag="521" ind1="8" ind2=" ">
    <subfield code="a">1110 
</subfield>
    <subfield code="b">Lexile 
</subfield>
  </datafield>
  <datafield tag="521" ind1="8" ind2=" ">
    <subfield code="a">Z 
</subfield>
    <subfield code="b">Raz-Plus 
</subfield>
  </datafield>
  <datafield tag="650" ind1=" " ind2=" ">
    <subfield code="a">Archimedes</subfield>
    <subfield code="v">Non-fiction</subfield>
  </datafield>
  <datafield tag="700" ind1=" " ind2=" ">
    <subfield code="a">Conlin, Stephen </subfield>
    <subfield code="e">illustrator </subfield>
  </datafield>
  <datafield tag="700" ind1=" " ind2=" ">
    <subfield code="a">Dennis , Peter </subfield>
    <subfield code="e">illustrator</subfield>
  </datafield>
  <datafield tag="942" ind1=" " ind2=" ">
    <subfield code="2">ddc</subfield>
    <subfield code="c">BK</subfield>
    <subfield code="n">0</subfield>
  </datafield>
  <datafield tag="999" ind1=" " ind2=" ">
    <subfield code="c">5528</subfield>
    <subfield code="d">5528</subfield>
  </datafield>
  <datafield tag="952" ind1=" " ind2=" ">
    <subfield code="0">0</subfield>
    <subfield code="1">0</subfield>
    <subfield code="2">ddc</subfield>
    <subfield code="4">0</subfield>
    <subfield code="7">0</subfield>
    <subfield code="8">NFIC</subfield>
    <subfield code="a">002</subfield>
    <subfield code="b">002</subfield>
    <subfield code="c">SNS</subfield>
    <subfield code="d">2024-12-16</subfield>
    <subfield code="l">0</subfield>
    <subfield code="o">REI 509.22 Q141.R45</subfield>
    <subfield code="p">FISSE00863</subfield>
    <subfield code="r">2024-12-16 15:23:08</subfield>
    <subfield code="t">1</subfield>
    <subfield code="w">2024-12-16</subfield>
    <subfield code="y">BK</subfield>
  </datafield>
  <datafield tag="952" ind1=" " ind2=" ">
    <subfield code="0">0</subfield>
    <subfield code="1">0</subfield>
    <subfield code="2">ddc</subfield>
    <subfield code="4">0</subfield>
    <subfield code="7">0</subfield>
    <subfield code="8">NFIC</subfield>
    <subfield code="a">001</subfield>
    <subfield code="b">001</subfield>
    <subfield code="c">ATKSNF</subfield>
    <subfield code="d">2025-04-03</subfield>
    <subfield code="l">0</subfield>
    <subfield code="o">REI 509.22 Q141.R45</subfield>
    <subfield code="p">FISTK05571</subfield>
    <subfield code="r">2025-04-03 10:15:06</subfield>
    <subfield code="t">2</subfield>
    <subfield code="w">2025-04-03</subfield>
    <subfield code="y">BK</subfield>
  </datafield>
  <datafield tag="952" ind1=" " ind2=" ">
    <subfield code="0">0</subfield>
    <subfield code="1">0</subfield>
    <subfield code="2">ddc</subfield>
    <subfield code="4">0</subfield>
    <subfield code="7">0</subfield>
    <subfield code="8">NFIC</subfield>
    <subfield code="a">002</subfield>
    <subfield code="b">002</subfield>
    <subfield code="c">SNS</subfield>
    <subfield code="d">2025-08-19</subfield>
    <subfield code="l">0</subfield>
    <subfield code="o">REI 509.22 Q141.R45</subfield>
    <subfield code="p">FISTK04985</subfield>
    <subfield code="r">2025-08-19 11:03:54</subfield>
    <subfield code="t">3</subfield>
    <subfield code="w">2025-08-19</subfield>
    <subfield code="y">BK</subfield>
  </datafield>
</record>
